Posledný zdolal prvého, vedie už Poprad hokejová Slovnaft extraliga - 16. kolo: Obrancom to mimoriadne sypalo

Bibliographic Details
Format: Article
Language:Slovak
PhysicalDescription:Fotogr., tab.
ISSN:0139-7001
Subjects:

MARC

LEADER 00000nab a2200000 ar4500
001 vtls009153747
003 SK-MaSNL
005 20260303064028.0
008 071026c20071020xo mr|p|||||||000 b|slo
015 |a SNKBUCL2007/10  |2 snkbucl 
038 |a SNKBUCL 
040 |a SNKBUCL  |b slo  |c SNKBUCL  |e AACR2 
041 0 |a slo 
044 |a xo  |c SK 
080 |a 796.966.093.1  |2 2001 
245 0 0 |a Posledný zdolal prvého, vedie už Poprad  |b hokejová Slovnaft extraliga - 16. kolo: Obrancom to mimoriadne sypalo 
300 |b Fotogr., tab. 
648 7 |a sezóna 2007/2008  |2 snkbucl  |9 831001 
650 0 7 |a ľadový hokej  |2 snkbucl  |9 3231 
650 0 7 |a extraliga  |2 snkbucl  |9 18992 
650 0 7 |a 16. kolo  |2 snkbucl  |9 872568 
773 0 |t Šport  |g Roč. 61, č. 242 (20.10.2007), s. 13-15  |x 0139-7001 
852 |a SNK  |b KIS3GCP 
999 |c 1745430  |d 1747360